[Event "Lidkoping Open 2019"]
[Site "Lidkoping"]
[Date "2019.08.25"]
[Round "6.20"]
[White "Beslagic, Smail"]
[Black "Wiman, Kenneth"]
[Result "1-0"]
[WhiteElo "1853"]
[BlackElo "1868"]
[Annotator "NA"]
[PlyCount "99"]
[EventDate "2019.08.19"]
[EventType "swiss"]
[EventCountry "SWE"]
[SourceTitle "playchess.com"]
[Source "ChessBase"]
[SourceQuality "1"]
[TimeControl "2700+10"]

1. d4 {[%emt 0:00:00]} g6 {[%emt 0:00:19]} 2. Bf4 {[%emt 0:00:07]} Bg7 {[%emt 0:00:22]} 3. Nf3 {[%emt 0:00:15]} c5 {[%emt 0:00:31]} 4. e3 {[%emt 0:00:14]} Qb6 {[%emt 0:00:21]} 5. Qc1 {[%emt 0:03:19]} Nc6 {[%emt 0:01:30]} 6. c3 {[%emt 0:00:14]} Nf6 {[%emt 0:01:18]} 7. Nbd2 {[%emt 0:00:23]} d5 {[%emt 0:01:03]} 8. Be2 {[%emt 0:02:25]} O-O {[%emt 0:00:41]} 9. O-O {[%emt 0:00:43]} Bf5 {[%emt 0:00:35]} 10. h3 {[%emt 0:02:22]} cxd4 {[%emt 0:01:09]} 11. exd4 {[%emt 0:00:40]} Rac8 {[%emt 0:00:32]} 12. Be3 {[%emt 0:01:43]} Qd8 {[%emt 0:04:43]} 13. Nh4 {[%emt 0:03:05]} Bd7 {[%emt 0:04:29]} 14. Qe1 {[%emt 0:05:26]} e5 {[%emt 0:02:35]} 15. dxe5 {[%emt 0:01:15]} Nxe5 {[%emt 0:01:10]} 16. Nhf3 {[%emt 0:00:25]} Nc6 {[%emt 0:00:42]} 17. Nb3 {[%emt 0:03:23]} Ne4 {[%emt 0:01:17]} 18. Rd1 {[%emt 0:02:59]} Be6 {[%emt 0:01:17]} 19. Bd3 {[%emt 0:01:03]} Qc7 {[%emt 0:04:06]} 20. Nfd4 {[%emt 0:02:30]} Bd7 {[%emt 0:02:39]} 21. Nb5 {[%emt 0:03:05]} Qd8 {[%emt 0:02:48]} 22. Bxe4 {[%emt 0:00:20]} dxe4 {[%emt 0:00:13]} 23. Nc5 {[%emt 0:00:39]} Ne5 {[%emt 0:01:06]} 24. Nxe4 {[%emt 0:03:42]} a6 {[%emt 0:02:25]} 25. Nbd6 {[%emt 0:00:43]} Rb8 {[%emt 0:00:49]} 26. f4 {[%emt 0:01:20]} Nc6 {[%emt 0:00:43]} 27. Qf2 {[%emt 0:00:35]} Qe7 {[%emt 0:02:18]} 28. Bc5 {[%emt 0:00:24]} Qe6 {[%emt 0:00:54]} 29. a3 {[%emt 0:03:01]} b6 {[%emt 0:01:45]} 30. Bxb6 {[%emt 0:00:33]} Rxb6 {[%emt 0:01:29]} 31. Qxb6 {[%emt 0:00:06]} Rb8 {[%emt 0:00:10]} 32. Qf2 {[%emt 0:00:13]} Bf8 {[%emt 0:01:06]} 33. f5 {[%emt 0:00:43]} gxf5 {[%emt 0:01:28]} 34. Nc5 {[%emt 0:00:41]} Qe7 {[%emt 0:00:09]} 35. Rfe1 {[%emt 0:00:42]} Be6 {[%emt 0:02:08]} 36. Ndb7 {[%emt 0:00:35]} Rxb7 {[%emt 0:00:00]} 37. Nxb7 {[%emt 0:00:01]} Qxb7 {[%emt 0:00:00]} 38. b4 {[%emt 0:00:10]} Bg7 {[%emt 0:00:00]} 39. Qf3 {[%emt 0:00:07]} Qb6+ {[%emt 0:00:00]} 40. Kh1 {[%emt 0:00:06]} Ne5 {[%emt 0:00:00]} 41. Qa8+ {[%emt 0:00:05]} Bf8 {[%emt 0:00:00]} 42. Rxe5 {[%emt 0:00:04]} Kg7 {[%emt 0:00:00]} 43. Ree1 {[%emt 0:00:05]} Be7 {[%emt 0:00:00]} 44. Qf3 {[%emt 0:00:07]} Bf6 {[%emt 0:00:00]} 45. Qg3+ {[%emt 0:00:15]} Kf8 {[%emt 0:00:00]} 46. Qd6+ {[%emt 0:00:06]} Qxd6 {[%emt 0:00:00]} 47. Rxd6 {[%emt 0:00:01]} Bxc3 {[%emt 0:00:00]} 48. Rexe6 {[%emt 0:00:02]} fxe6 {[%emt 0:00:00]} 49. Rxe6 {[%emt 0:00:01]} Bb2 {[%emt 0:00:00]} 50. Rxa6 {[%emt 0:02:17]} 1-0

[Event "Lidkoping Open 2019"]
[Site "Lidkoping"]
[Date "2019.08.25"]
[Round "6.21"]
[White "Bermann, Martin"]
[Black "Alfven, Jorgen"]
[Result "1/2-1/2"]
[WhiteElo "1889"]
[BlackElo "1871"]
[Annotator "NA"]
[PlyCount "82"]
[EventDate "2019.08.19"]
[EventType "swiss"]
[EventCountry "SWE"]
[SourceTitle "playchess.com"]
[Source "ChessBase"]
[SourceQuality "1"]
[TimeControl "2700+10"]

1. e4 {[%emt 0:05:18]} c5 {[%emt 0:00:20]} 2. Nf3 {[%emt 0:00:26]} d6 {[%emt 0:00:03]} 3. d4 {[%emt 0:00:07]} cxd4 {[%emt 0:00:02]} 4. Nxd4 {[%emt 0:00:03]} Nf6 {[%emt 0:00:07]} 5. Nc3 {[%emt 0:00:02]} a6 {[%emt 0:00:09]} 6. Be2 {[%emt 0:00:07]} e5 {[%emt 0:00:27]} 7. Nb3 {[%emt 0:00:02]} Be6 {[%emt 0:00:14]} 8. O-O {[%emt 0:00:10]} Be7 {[%emt 0:00:42]} 9. Be3 {[%emt 0:00:03]} Nbd7 {[%emt 0:00:52]} 10. f4 {[%emt 0:00:35]} Qc7 {[%emt 0:00:58]} 11. f5 {[%emt 0:02:00]} Bc4 {[%emt 0:01:15]} 12. Nd2 {[%emt 0:00:13]} Bxe2 {[%emt 0:01:15]} 13. Qxe2 {[%emt 0:00:13]} b5 {[%emt 0:01:43]} 14. a3 {[%emt 0:00:19]} Rc8 {[%emt 0:02:35]} 15. Rac1 {[%emt 0:00:59]} Nb6 {[%emt 0:00:15]} 16. h3 {[%emt 0:01:45]} d5 {[%emt 0:03:42]} 17. exd5 {[%emt 0:00:27]} Nbxd5 {[%emt 0:00:09]} 18. Nxd5 {[%emt 0:01:31]} Nxd5 {[%emt 0:00:11]} 19. Kh1 {[%emt 0:00:44]} O-O {[%emt 0:06:36]} 20. Ne4 {[%emt 0:02:15]} Nf6 {[%emt 0:01:10]} 21. Nd2 {[%emt 0:03:57]} Rfd8 {[%emt 0:03:45]} 22. Bg5 {[%emt 0:02:00]} h6 {[%emt 0:00:46]} 23. Bxf6 {[%emt 0:00:03]} Bxf6 {[%emt 0:00:18]} 24. Ne4 {[%emt 0:00:09]} Qe7 {[%emt 0:03:38]} 25. c3 {[%emt 0:01:33]} Rd5 {[%emt 0:04:54]} 26. Qf3 {[%emt 0:02:03]} Rcd8 {[%emt 0:01:40]} 27. Rcd1 {[%emt 0:00:28]} Rxd1 {[%emt 0:02:20]} 28. Rxd1 {[%emt 0:00:02]} Bg5 {[%emt 0:01:30]} 29. Qe2 {[%emt 0:05:44]} Qc7 {[%emt 0:02:01]} 30. Qg4 {[%emt 0:03:00]} Rxd1+ {[%emt 0:01:05]} 31. Qxd1 {[%emt 0:01:32]} Qc4 {[%emt 0:01:42]} 32. Qe1 {[%emt 0:05:05]} Bf4 {[%emt 0:00:22]} 33. f6 {[%emt 0:02:38]} g6 {[%emt 0:00:46]} 34. Qb1 {[%emt 0:01:09]} Qe2 {[%emt 0:00:27]} 35. Kg1 {[%emt 0:00:41]} Qe3+ {[%emt 0:00:04]} 36. Kh1 {[%emt 0:00:02]} Qc1+ {[%emt 0:02:57]} 37. Qxc1 Bxc1 {[%emt 0:00:10]} 38. Nc5 {[%emt 0:03:55]} Bxb2 {[%emt 0:00:10]} 39. Nxa6 {[%emt 0:00:10]} Bxa3 {[%emt 0:00:10]} 40. Nc7 Bb2 {[%emt 0:00:10]} 41. Nxb5 {[%emt 0:00:20]} Bc1 {[%emt 0:00:10]} 1/2-1/2

[Event "Lidkoping Open 2019"]
[Site "Lidkoping"]
[Date "2019.08.25"]
[Round "6.23"]
[White "Pavlic, Oliver"]
[Black "Isacsson, Jorgen"]
[Result "1-0"]
[WhiteElo "1856"]
[BlackElo "1731"]
[Annotator "NA"]
[PlyCount "67"]
[EventDate "2019.08.19"]
[EventType "swiss"]
[EventCountry "SWE"]
[SourceTitle "playchess.com"]
[Source "ChessBase"]
[SourceQuality "1"]
[TimeControl "2700+10"]

1. d4 {[%emt 0:00:00]} Nf6 {[%emt 0:00:00]} 2. c4 {[%emt 0:00:00]} g6 {[%emt 0:00:11]} 3. Nc3 {[%emt 0:00:00]} Bg7 {[%emt 0:00:05]} 4. e4 {[%emt 0:00:00]} d6 {[%emt 0:00:04]} 5. Nf3 {[%emt 0:00:02]} O-O {[%emt 0:00:05]} 6. Be2 {[%emt 0:00:02]} c6 {[%emt 0:45:35]} 7. O-O {[%emt 0:00:56]} Nbd7 {[%emt 0:00:10]} 8. Re1 {[%emt 0:04:08]} e5 {[%emt 0:00:00]} 9. Bf1 {[%emt 0:00:03]} Qe7 {[%emt 0:00:00]} 10. Rb1 {[%emt 0:01:49]} h6 {[%emt 0:00:00]} 11. b4 {[%emt 0:39:50]} Nh5 {[%emt 0:00:00]} 12. Qd2 {[%emt 0:00:10]} g5 {[%emt 0:00:50]} 13. h3 {[%emt 0:00:00]} Nf4 {[%emt 0:00:00]} 14. Ba3 {[%emt 0:00:20]} Rd8 {[%emt 0:00:00]} 15. b5 {[%emt 0:00:10]} h5 {[%emt 0:00:30]} 16. g3 {[%emt 0:00:10]} g4 {[%emt 0:00:00]} 17. gxf4 {[%emt 0:00:00]} gxf3 {[%emt 0:00:00]} 18. fxe5 {[%emt 0:00:00]} Qh4 {[%emt 0:00:00]} 19. exd6 {[%emt 0:00:30]} Nf8 {[%emt 0:00:00]} 20. Qe3 {[%emt 0:00:00]} Bxh3 {[%emt 0:00:00]} 21. Qxf3 {[%emt 0:00:00]} Qg5+ {[%emt 0:01:00]} 22. Bg2 {[%emt 0:00:30]} Bg4 {[%emt 0:00:00]} 23. Qe3 {[%emt 0:00:10]} Qh4 {[%emt 0:00:00]} 24. e5 {[%emt 0:00:10]} Kh8 {[%emt 0:00:00]} 25. bxc6 {[%emt 0:00:00]} bxc6 {[%emt 0:00:00]} 26. Qg3 {[%emt 0:00:00]} Qg5 {[%emt 0:00:00]} 27. f3 {[%emt 0:00:00]} Qd2 {[%emt 0:00:00]} 28. fxg4 {[%emt 0:00:00]} Qxd4+ {[%emt 0:00:00]} 29. Kh1 {[%emt 0:00:00]} hxg4 {[%emt 0:00:00]} 30. Re4 {[%emt 0:00:00]} Qd2 {[%emt 0:00:00]} 31. Rxg4 {[%emt 0:00:00]} Ng6 {[%emt 0:01:40]} 32. Qh2+ {[%emt 0:00:00]} Kg8 {[%emt 0:00:00]} 33. Rxg6 {[%emt 0:00:28]} fxg6 {[%emt 0:00:00]} 34. Bd5+ {[%emt 0:00:04]} 1-0

[Event "Lidkoping Open 2019"]
[Site "Lidkoping"]
[Date "2019.08.25"]
[Round "7.1"]
[White "Ernst, Thomas"]
[Black "Nygren, Kim"]
[Result "0-1"]
[WhiteElo "2329"]
[BlackElo "2171"]
[Annotator "ChessBase"]
[PlyCount "76"]
[EventDate "2019.08.19"]
[EventType "swiss"]
[EventCountry "SWE"]
[SourceTitle "playchess.com"]
[Source "ChessBase"]
[SourceQuality "1"]
[TimeControl "2700+10"]

1. e4 {[%emt 0:00:00]} c5 {[%emt 0:00:00]} 2. Nf3 {[%emt 0:00:00]} Nc6 {[%emt 0:00:00]} 3. d4 {[%emt 0:00:01]} cxd4 {[%emt 0:00:00]} 4. Nxd4 {[%emt 0:00:02]} Nf6 {[%emt 0:00:06]} 5. Nc3 {[%emt 0:00:03]} e5 {[%emt 0:00:06]} 6. Ndb5 {[%emt 0:00:04]} d6 {[%emt 0:00:07]} 7. Bg5 {[%emt 0:00:06]} a6 {[%emt 0:00:06]} 8. Na3 {[%emt 0:00:06]} b5 {[%emt 0:00:08]} 9. Bxf6 {[%emt 0:00:04]} gxf6 {[%emt 0:00:13]} 10. Nd5 {[%emt 0:00:05]} Bg7 {[%emt 0:00:21]} 11. Bd3 {[%emt 0:00:07]} Ne7 {[%emt 0:00:36]} 12. Nxe7 {[%emt 0:00:04]} Qxe7 {[%emt 0:00:14]} 13. c4 {[%emt 0:00:08]} f5 {[%emt 0:02:36]} 14. O-O {[%emt 0:00:36]} Bb7 {[%emt 0:03:23]} 15. Qf3 {[%emt 0:05:35]} f4 {[%emt 0:05:33]} 16. cxb5 {[%emt 0:00:23]} axb5 {[%emt 0:01:24]} 17. Nxb5 {[%emt 0:00:59]} O-O {[%emt 0:00:29]} 18. Nc3 {[%emt 0:01:25]} f5 {[%emt 0:00:47]} 19. Bc4+ {[%emt 0:01:36]} Kh8 {[%emt 0:00:05]} 20. Bd5 {[%emt 0:00:13]} fxe4 {[%emt 0:02:22]} 21. Qxe4 {[%emt 0:01:26]} Rab8 {[%emt 0:02:06]} 22. Rad1 {[%emt 0:05:06]} Ba6 {[%emt 0:01:01]} 23. Bb3 {[%emt 0:01:25]} Rxb3 {[%emt 0:03:33]} 24. axb3 {[%emt 0:00:08]} f3 {[%emt 0:00:03]} 25. gxf3 {[%emt 0:02:43]} Bb7 {[%emt 0:00:56]} 26. Nd5 {[%emt 0:00:28]} Qd8 {[%emt 0:04:27]} 27. Qb4 {[%emt 0:04:10]} Qd7 {[%emt 0:02:19]} 28. Rd3 {[%emt 0:01:33]} Bh6 {[%emt 0:01:58]} 29. Qh4 {[%emt 0:02:14]} Rg8+ {[%emt 0:06:43]} 30. Kh1 {[%emt 0:00:07]} Bg5 {[%emt 0:00:01]} 31. Qh5 {[%emt 0:03:37]} Qf5 {[%emt 0:01:51]} 32. Rfd1 {[%emt 0:00:51]} e4 {[%emt 0:00:13]} 33. Ne3 {[%emt 0:03:14]} Qc5 {[%emt 0:03:22]} 34. Rxd6 {[%emt 0:00:34]} Bxe3 {[%emt 0:00:05]} 35. Qxc5 {[%emt 0:00:07]} Bxc5 {[%emt 0:00:01]} 36. Rd7 {[%emt 0:00:52]} e3 {[%emt 0:00:17]} 37. Rxb7 {[%emt 0:00:34]} exf2 {[%emt 0:00:06]} 38. Rbd7 {[%emt 0:00:29]} Rg1+ {[%emt 0:03:42]} 0-1

[Event "Lidkoping Open 2019"]
[Site "Lidkoping"]
[Date "2019.08.25"]
[Round "7.2"]
[White "Bellon Lopez, Juan Manuel"]
[Black "Svensson, Bengt"]
[Result "1/2-1/2"]
[WhiteElo "2335"]
[BlackElo "2310"]
[Annotator "ChessBase"]
[PlyCount "48"]
[EventDate "2019.08.19"]
[EventType "swiss"]
[EventCountry "SWE"]
[SourceTitle "playchess.com"]
[Source "ChessBase"]
[SourceQuality "1"]
[TimeControl "2700+10"]

1. Nf3 {[%emt 0:00:00]} c5 {[%emt 0:00:07]} 2. e3 {[%emt 0:00:15]} Nc6 {[%emt 0:00:50]} 3. d4 {[%emt 0:00:49]} d5 {[%emt 0:00:47]} 4. b3 {[%emt 0:03:29]} Bg4 {[%emt 0:01:45]} 5. Bb2 {[%emt 0:00:25]} Nf6 {[%emt 0:00:45]} 6. h3 {[%emt 0:00:39]} Bxf3 {[%emt 0:01:34]} 7. Qxf3 {[%emt 0:00:11]} e6 {[%emt 0:00:06]} 8. Nd2 {[%emt 0:00:29]} cxd4 {[%emt 0:01:55]} 9. exd4 {[%emt 0:00:06]} Qa5 {[%emt 0:00:31]} 10. a3 {[%emt 0:04:06]} Ne4 {[%emt 0:01:47]} 11. Qd3 {[%emt 0:01:01]} Nxd2 {[%emt 0:00:53]} 12. Qxd2 {[%emt 0:01:22]} Qb6 {[%emt 0:00:54]} 13. Be2 {[%emt 0:00:40]} Be7 {[%emt 0:00:31]} 14. O-O {[%emt 0:00:13]} O-O {[%emt 0:00:13]} 15. Rfd1 {[%emt 0:00:21]} Rac8 {[%emt 0:01:01]} 16. a4 {[%emt 0:01:06]} a6 {[%emt 0:02:12]} 17. a5 {[%emt 0:04:27]} Qc7 {[%emt 0:00:22]} 18. Ra4 {[%emt 0:00:02]} Rfd8 {[%emt 0:02:55]} 19. g3 {[%emt 0:01:56]} Bf6 {[%emt 0:00:53]} 20. Ba3 {[%emt 0:00:46]} Be7 {[%emt 0:01:29]} 21. Bb2 {[%emt 0:01:09]} Bf6 {[%emt 0:00:13]} 22. Ba3 {[%emt 0:01:16]} Be7 {[%emt 0:00:07]} 23. Bb2 {[%emt 0:24:02]} Bf6 {[%emt 0:27:00]} 24. f4 Ne7 {[%emt 0:00:10]} 1/2-1/2

[Event "Lidkoping Open 2019"]
[Site "Lidkoping"]
[Date "2019.08.25"]
[Round "7.3"]
[White "Mardell, Jonas"]
[Black "Blomqvist, Erik"]
[Result "0-1"]
[WhiteElo "2059"]
[BlackElo "2507"]
[Annotator "ChessBase"]
[PlyCount "92"]
[EventDate "2019.08.19"]
[EventType "swiss"]
[EventCountry "SWE"]
[SourceTitle "playchess.com"]
[Source "ChessBase"]
[SourceQuality "1"]
[TimeControl "2700+10"]

1. e4 {[%emt 0:00:00]} c5 {[%emt 0:00:53]} 2. c3 {[%emt 0:00:00]} Nf6 {[%emt 0:00:16]} 3. e5 {[%emt 0:00:00]} Nd5 {[%emt 0:00:02]} 4. d4 {[%emt 0:00:03]} cxd4 {[%emt 0:00:25]} 5. Qxd4 {[%emt 0:00:05]} e6 {[%emt 0:00:23]} 6. Bc4 {[%emt 0:00:59]} Nc6 {[%emt 0:03:36]} 7. Qe4 {[%emt 0:00:09]} d6 {[%emt 0:00:48]} 8. Nf3 {[%emt 0:01:37]} dxe5 {[%emt 0:02:15]} 9. Nxe5 {[%emt 0:00:18]} Nf6 {[%emt 0:00:52]} 10. Nxc6 {[%emt 0:01:48]} Nxe4 {[%emt 0:00:06]} 11. Nxd8 {[%emt 0:00:03]} Kxd8 {[%emt 0:00:02]} 12. Be3 {[%emt 0:06:16]} Bc5 {[%emt 0:01:46]} 13. Bxc5 {[%emt 0:02:41]} Nxc5 {[%emt 0:00:02]} 14. Nd2 {[%emt 0:02:09]} Bd7 {[%emt 0:00:07]} 15. Nf3 {[%emt 0:02:09]} Ke7 {[%emt 0:02:46]} 16. O-O {[%emt 0:02:14]} Rhc8 {[%emt 0:00:34]} 17. Ne5 {[%emt 0:03:34]} Be8 {[%emt 0:00:03]} 18. Bb3 {[%emt 0:03:28]} f6 {[%emt 0:07:21]} 19. Ng4 {[%emt 0:03:33]} Bg6 {[%emt 0:02:12]} 20. Rfe1 {[%emt 0:01:25]} b5 {[%emt 0:00:53]} 21. Rad1 {[%emt 0:03:02]} Nxb3 {[%emt 0:01:23]} 22. axb3 {[%emt 0:00:02]} Bc2 {[%emt 0:00:05]} 23. Rd5 {[%emt 0:00:02]} b4 {[%emt 0:02:51]} 24. Rb5 {[%emt 0:05:53]} bxc3 {[%emt 0:02:07]} 25. bxc3 {[%emt 0:00:02]} Rxc3 {[%emt 0:00:10]} 26. Rb7+ {[%emt 0:00:24]} Kf8 {[%emt 0:03:06]} 27. b4 {[%emt 0:05:05]} Bb3 {[%emt 0:02:27]} 28. h3 {[%emt 0:00:45]} Bd5 {[%emt 0:03:22]} 29. Rd7 {[%emt 0:00:04]} Rb3 {[%emt 0:01:06]} 30. Ne3 {[%emt 0:00:48]} Bc6 {[%emt 0:00:17]} 31. Rc7 {[%emt 0:00:14]} Bb5 {[%emt 0:02:08]} 32. Nc2 {[%emt 0:00:47]} e5 {[%emt 0:00:02]} 33. Ne3 {[%emt 0:00:19]} Bd3 {[%emt 0:02:34]} 34. Nd5 {[%emt 0:00:25]} Rd8 {[%emt 0:01:58]} 35. Ne7 {[%emt 0:00:13]} a6 {[%emt 0:00:35]} 36. Nc6 {[%emt 0:00:05]} Re8 {[%emt 0:01:02]} 37. Kh2 {[%emt 0:00:09]} h5 {[%emt 0:00:11]} 38. Ra1 {[%emt 0:00:06]} Rc3 {[%emt 0:00:06]} 39. Rd7 {[%emt 0:00:14]} Bb5 {[%emt 0:00:03]} 40. Rc7 {[%emt 0:00:18]} Rxc6 {[%emt 0:00:02]} 41. Rxc6 {[%emt 0:00:00]} Bxc6 {[%emt 0:00:02]} 42. Rxa6 {[%emt 0:00:01]} Bd5 {[%emt 0:00:15]} 43. Ra5 {[%emt 0:00:10]} Bc4 {[%emt 0:00:12]} 44. Rc5 {[%emt 0:00:02]} Bd3 {[%emt 0:00:01]} 45. f3 {[%emt 0:00:08]} Rb8 {[%emt 0:00:03]} 46. Rd5 {[%emt 0:00:02]} Bc4 {[%emt 0:00:05]} 0-1

[Event "Lidkoping Open 2019"]
[Site "Lidkoping"]
[Date "2019.08.25"]
[Round "7.4"]
[White "Andersson, Fredrik"]
[Black "Johnson, Daniel"]
[Result "1/2-1/2"]
[WhiteElo "2264"]
[BlackElo "2201"]
[Annotator "NA"]
[PlyCount "78"]
[EventDate "2019.08.19"]
[EventType "swiss"]
[EventCountry "SWE"]
[SourceTitle "playchess.com"]
[Source "ChessBase"]
[SourceQuality "1"]
[TimeControl "2700+10"]

1. e4 {[%emt 0:00:00]} c5 {[%emt 0:00:16]} 2. Nc3 {[%emt 0:00:00]} e6 {[%emt 0:00:04]} 3. Nf3 {[%emt 0:00:21]} a6 {[%emt 0:00:21]} 4. d4 {[%emt 0:00:06]} cxd4 {[%emt 0:00:05]} 5. Nxd4 {[%emt 0:00:02]} Qc7 {[%emt 0:00:01]} 6. Bd3 {[%emt 0:00:15]} Nc6 {[%emt 0:01:30]} 7. Nxc6 {[%emt 0:00:57]} dxc6 {[%emt 0:01:13]} 8. O-O {[%emt 0:00:32]} e5 {[%emt 0:00:35]} 9. f4 {[%emt 0:04:40]} Bc5+ {[%emt 0:06:24]} 10. Kh1 {[%emt 0:00:19]} b5 {[%emt 0:03:51]} 11. fxe5 {[%emt 0:03:15]} Ne7 {[%emt 0:00:43]} 12. Qh5 {[%emt 0:08:22]} Be6 {[%emt 0:01:09]} 13. a4 {[%emt 0:01:39]} O-O {[%emt 0:01:54]} 14. Ne2 {[%emt 0:02:31]} Ng6 {[%emt 0:02:10]} 15. Bf4 {[%emt 0:02:07]} Rab8 {[%emt 0:06:58]} 16. axb5 {[%emt 0:02:07]} axb5 {[%emt 0:00:12]} 17. Bg3 {[%emt 0:00:15]} Ra8 {[%emt 0:02:42]} 18. Nf4 {[%emt 0:01:33]} Nxf4 {[%emt 0:00:44]} 19. Bxf4 {[%emt 0:00:03]} Qb7 {[%emt 0:02:45]} 20. h3 {[%emt 0:00:53]} Rxa1 {[%emt 0:00:43]} 21. Rxa1 {[%emt 0:00:01]} Ra8 {[%emt 0:00:01]} 22. Qd1 {[%emt 0:00:06]} Qc8 {[%emt 0:02:26]} 23. Be2 {[%emt 0:02:21]} h6 {[%emt 0:01:37]} 24. Kh2 {[%emt 0:00:07]} Rb8 {[%emt 0:03:39]} 25. Bg3 {[%emt 0:01:27]} Qc7 {[%emt 0:01:06]} 26. Bg4 {[%emt 0:02:01]} Rd8 {[%emt 0:03:59]} 27. Qf3 {[%emt 0:00:20]} Qc8 {[%emt 0:00:19]} 28. Bxe6 {[%emt 0:03:05]} Qxe6 {[%emt 0:00:02]} 29. Rd1 {[%emt 0:00:05]} Rxd1 {[%emt 0:01:50]} 30. Qxd1 {[%emt 0:00:01]} Qc4 {[%emt 0:00:01]} 31. Qd3 {[%emt 0:01:53]} Qxd3 {[%emt 0:00:09]} 32. cxd3 {[%emt 0:00:05]} Bd4 {[%emt 0:00:01]} 33. b3 {[%emt 0:00:03]} Kf8 {[%emt 0:00:03]} 34. Bf4 {[%emt 0:01:18]} Ke7 {[%emt 0:00:06]} 35. Kg3 {[%emt 0:00:06]} Ke6 {[%emt 0:00:21]} 36. Kf3 {[%emt 0:00:04]} Bxe5 {[%emt 0:00:31]} 37. Be3 {[%emt 0:00:32]} h5 {[%emt 0:00:19]} 38. g4 {[%emt 0:00:47]} hxg4+ {[%emt 0:00:06]} 39. hxg4 {[%emt 0:00:01]} g6 {[%emt 0:00:17]} 1/2-1/2

[Event "Lidkoping Open 2019"]
[Site "Lidkoping"]
[Date "2019.08.25"]
[Round "7.5"]
[White "Friberg, Hans"]
[Black "Carlstrom, Niklas"]
[Result "1/2-1/2"]
[WhiteElo "2129"]
[BlackElo "2095"]
[Annotator "ChessBase"]
[PlyCount "32"]
[EventDate "2019.08.19"]
[EventType "swiss"]
[EventCountry "SWE"]
[SourceTitle "playchess.com"]
[Source "ChessBase"]
[SourceQuality "1"]
[TimeControl "2700+10"]

1. Nf3 {[%emt 0:00:00]} d6 {[%emt 0:00:05]} 2. d4 {[%emt 0:00:00]} Nf6 {[%emt 0:00:11]} 3. c4 {[%emt 0:00:12]} Nbd7 {[%emt 0:00:20]} 4. Nc3 {[%emt 0:00:33]} e5 {[%emt 0:00:12]} 5. g3 {[%emt 0:00:36]} Be7 {[%emt 0:00:18]} 6. Bg2 {[%emt 0:00:04]} O-O {[%emt 0:00:07]} 7. O-O {[%emt 0:00:37]} c6 {[%emt 0:00:49]} 8. e4 {[%emt 0:03:01]} Qc7 {[%emt 0:01:08]} 9. b3 {[%emt 0:00:14]} Re8 {[%emt 0:01:35]} 10. Bb2 {[%emt 0:01:42]} a6 {[%emt 0:01:35]} 11. Rc1 {[%emt 0:00:11]} Bf8 {[%emt 0:00:26]} 12. Re1 {[%emt 0:02:44]} b6 {[%emt 0:01:05]} 13. d5 {[%emt 0:00:56]} c5 {[%emt 0:02:41]} 14. Bh3 {[%emt 0:02:15]} Rb8 {[%emt 0:03:10]} 15. a4 {[%emt 0:00:09]} g6 {[%emt 0:00:20]} 16. Qd2 {[%emt 0:03:02]} Bg7 {[%emt 0:05:13]} 1/2-1/2

[Event "Lidkoping Open 2019"]
[Site "Lidkoping"]
[Date "2019.08.25"]
[Round "7.6"]
[White "Olsson, Bo"]
[Black "Winsnes, Rikard"]
[Result "1/2-1/2"]
[WhiteElo "1984"]
[BlackElo "2375"]
[Annotator "ChessBase"]
[PlyCount "79"]
[EventDate "2019.08.19"]
[EventType "swiss"]
[EventCountry "SWE"]
[SourceTitle "playchess.com"]
[Source "ChessBase"]
[SourceQuality "1"]
[TimeControl "2700+10"]

1. Nf3 {[%emt 0:00:00]} Nf6 {[%emt 0:00:32]} 2. c4 {[%emt 0:00:00]} c5 {[%emt 0:00:11]} 3. Nc3 {[%emt 0:00:12]} d5 {[%emt 0:00:23]} 4. cxd5 {[%emt 0:00:33]} Nxd5 {[%emt 0:00:06]} 5. e3 {[%emt 0:01:28]} Nc6 {[%emt 0:01:00]} 6. Bb5 {[%emt 0:04:18]} Nxc3 {[%emt 0:01:25]} 7. bxc3 {[%emt 0:00:29]} Bd7 {[%emt 0:01:02]} 8. O-O {[%emt 0:00:36]} a6 {[%emt 0:04:39]} 9. Be2 {[%emt 0:03:05]} e6 {[%emt 0:05:17]} 10. d4 {[%emt 0:00:15]} Be7 {[%emt 0:00:20]} 11. Ba3 {[%emt 0:01:19]} cxd4 {[%emt 0:01:44]} 12. Bxe7 {[%emt 0:00:09]} Qxe7 {[%emt 0:00:04]} 13. cxd4 {[%emt 0:01:07]} O-O {[%emt 0:00:22]} 14. Qd2 {[%emt 0:03:44]} Rfd8 {[%emt 0:02:16]} 15. Rfd1 {[%emt 0:05:18]} Be8 {[%emt 0:01:19]} 16. Qb2 {[%emt 0:01:33]} b5 {[%emt 0:07:18]} 17. Rac1 {[%emt 0:03:31]} b4 {[%emt 0:09:27]} 18. e4 {[%emt 0:03:20]} a5 {[%emt 0:01:11]} 19. Bb5 {[%emt 0:06:32]} Ne5 {[%emt 0:00:33]} 20. Nxe5 {[%emt 0:01:50]} Bxb5 {[%emt 0:00:02]} 21. Nc6 {[%emt 0:00:15]} Bxc6 {[%emt 0:01:06]} 22. Rxc6 {[%emt 0:00:02]} Qd7 {[%emt 0:00:10]} 23. Rc4 {[%emt 0:01:27]} Rac8 {[%emt 0:00:38]} 24. Rxc8 {[%emt 0:00:56]} Rxc8 {[%emt 0:00:20]} 25. h3 {[%emt 0:01:34]} h6 {[%emt 0:00:06]} 26. d5 {[%emt 0:00:30]} exd5 {[%emt 0:00:23]} 27. exd5 {[%emt 0:00:08]} Qd6 {[%emt 0:00:21]} 28. Qd4 {[%emt 0:00:18]} Rc5 {[%emt 0:01:58]} 29. g3 {[%emt 0:00:18]} Rb5 {[%emt 0:00:36]} 30. Qe4 {[%emt 0:00:55]} Rb8 {[%emt 0:00:16]} 31. Rc1 {[%emt 0:00:16]} Rd8 {[%emt 0:00:15]} 32. Rd1 {[%emt 0:00:11]} a4 {[%emt 0:00:28]} 33. Rb1 {[%emt 0:00:41]} Rb8 {[%emt 0:00:14]} 34. Qc4 {[%emt 0:00:11]} g6 {[%emt 0:00:15]} 35. Kg2 {[%emt 0:00:20]} Kh7 {[%emt 0:00:16]} 36. Qc6 {[%emt 0:00:27]} Qxc6 37. dxc6 {[%emt 0:00:00]} b3 {[%emt 0:01:22]} 38. axb3 {[%emt 0:00:07]} axb3 {[%emt 0:00:01]} 39. c7 {[%emt 0:00:03]} Rc8 {[%emt 0:00:01]} 40. Rxb3 {[%emt 0:00:02]} 1/2-1/2